000
00316nam a2200109Ia 4500
008
200302s9999 xx 000 0 und d
100
_a
P. O. Fanger
245
_a
Thermal Comfort Analysis & Applications in Environmental Engineering
260
_b
Mcgraw- hill International Book co.,
260
_c
1970
300
_a
244 P.,
999
_c
444
_d
444